000 00582nam a22002297a 4500
003 UA-OsUOA
001 92842
007 ta
008 20121227b un ||||| |||| 00| 0 ukr d
100 _aБыков В.
090 _a821.161.3
_bБ95
942 _cBK
040 _aUA-OsUOA
_brus
_cUA-OsUOA
_dUA-OsUOA
245 _aКарьер
_bповесть
300 _a304 с.
955 _a3
041 _arus
080 _a821.161.3
260 _aМ.
_bСоветский писатель
_c1988
650 7 _a883 Українська література
_2UDC
999 _c379310
_d379310